Virtuálne meny z pohľadu účtovníctva
Vybrané aspekty účtovania virtuálnych mien, ako v sústave jednoduchého, tak aj podvojného účtovníctva. Problematika oceňovania virtuálnych mien.
Saved in:
| Main Author: | |
|---|---|
| Other Authors: | |
| Format: | Book Chapter |
| Language: | Slovak |
| Subjects: | |
| Tags: |
No Tags, Be the first to tag this record!
|
MARC
| LEADER | 00000naa$a2200000$$$4500 | ||
|---|---|---|---|
| 001 | 0280024 | ||
| 005 | 20240502074337.6 | ||
| 041 | 0 | |a slo | |
| 044 | |a SK | ||
| 245 | 1 | 0 | |a Virtuálne meny z pohľadu účtovníctva |c Cecília Olexová, Jan Hájek |
| 520 | |a Vybrané aspekty účtovania virtuálnych mien, ako v sústave jednoduchého, tak aj podvojného účtovníctva. Problematika oceňovania virtuálnych mien. | ||
| 610 | 2 | 0 | |a mena virtuálna |
| 610 | 2 | 0 | |a účtovníctvo jednoduché |
| 610 | 2 | 0 | |a účtovníctvo podvojné |
| 610 | 2 | 0 | |a legislatíva |
| 610 | 2 | 0 | |a oceňovanie |
| 100 | 1 | |a Olexová, Cecília, 1976- | |
| 700 | 1 | |a Hájek, Jan | |